| 000 | 00502nam a2200145 a 4500 | ||
|---|---|---|---|
| 001 | 000033587 | ||
| 005 | 20200930070351.0 | ||
| 008 | 110901s1889 000 spa d | ||
| 040 |
_aDO-SdBNP _bspa _cBNPHU |
||
| 110 | 1 |
_aRepública Dominicana _9447 |
|
| 245 | 1 | 0 | _aMemoria que el Secretario de Estado de Hacienda y Comercio presenta al ciudadano presidente de la República, febrero 20 de 1889. |
| 260 |
_a[Santo Domingo ] : _bHacienda y Comercio, _c1889. |
||
| 300 |
_a53 p. ; _c26 cm. |
||
| 049 | _aBNPD | ||
| 999 |
_c33078 _d33078 |
||